Central Library OPAC University of Rajshahi

Peacemaking in Indochina, 1954-1975 / (Record no. 1905)

MARC details
000 -LEADER
fixed length control field 00939cam a2200289 a 4500
001 - CONTROL NUMBER
control field 1905
003 - CONTROL NUMBER IDENTIFIER
rucl marc code BD-RjUL
005 - DATE AND TIME OF LATEST TRANSACTION
control field 20211208233434.0
008 - FIXED-LENGTH DATA ELEMENTS--GENERAL INFORMATION
fixed length control field 131208s1983 bg b f001 0 eng
035 ## - SYSTEM CONTROL NUMBER
System control number (BD-RjUL)1932
040 ## - CATALOGING SOURCE
Original cataloging agency DLC
Transcribing agency DLC
Modifying agency (BD-RjUL)
Language of cataloging eng
041 ## - LANGUAGE CODE
Language code of text/sound track or separate title eng
082 00 - DEWEY DECIMAL CLASSIFICATION NUMBER
Classification number 959.70431
Edition number 19
Author mark and year ABP
100 0# - MAIN ENTRY--PERSONAL NAME
Personal name Abul Kalam.
9 (RLIN) 6289
245 10 - TITLE STATEMENT
Title Peacemaking in Indochina, 1954-1975 /
Statement of responsibility, etc. Abul Kalam ; foreword by Adam Curle.
250 ## - EDITION STATEMENT
Edition statement 1st ed.
260 ## - PUBLICATION, DISTRIBUTION, ETC. (IMPRINT)
Place of publication, distribution, etc. [Dhaka] :
Name of publisher, distributor, etc. University of Dhaka,
Date of publication, distribution, etc. 1983.
300 ## - PHYSICAL DESCRIPTION
Pagination xiv, 458 p. ;
Size 25 cm.
500 ## - GENERAL NOTE
General note Revision of the author's thesis (Ph. D.--University of Liverpool, 1981)
504 ## - BIBLIOGRAPHY, ETC. NOTE
Bibliography, etc Includes bibliographical references and index.
650 #0 - SUBJECT ADDED ENTRY--TOPICAL TERM
Topical term or geographic name as entry element Vietnam War, 1961-1975
General subdivision Peace.
9 (RLIN) 6290
Topical term or geographic name as entry element Indochinese War, 1946-1954
General subdivision Peace.
9 (RLIN) 6291
651 #0 - SUBJECT ADDED ENTRY--GEOGRAPHIC NAME
Geographic name Vietnam
General subdivision History
Chronological subdivision 1945-1975.
9 (RLIN) 6292
942 ## - ADDED ENTRY ELEMENTS (KOHA)
Source of classification or shelving scheme Dewey Decimal Classification
Koha item type Books
Holdings
Lost status Source of classification or shelving scheme Damaged status Not for loan Collection code Permanent Location Current Location Shelving location Date acquired Source of acquisition Cost, normal purchase price Total Checkouts Full call number Date last seen Copy number Koha item type
  Dewey Decimal Classification     Non-fiction Central Library, University of Rajshahi Central Library, University of Rajshahi   06/10/1987 Dhaka ankur prokashani 125.00   959.70431 ABP 1983 09/12/2013 C-2 Books
  Dewey Decimal Classification     Non-fiction Central Library, University of Rajshahi Central Library, University of Rajshahi   06/10/1987 Dhaka ankur prokashani 125.00   959.70431 ABP 1983 09/12/2013 C-3 Books
  Dewey Decimal Classification     Non-fiction Central Library, University of Rajshahi Central Library, University of Rajshahi Reading Room 03/04/1984 Dhaka University Library Samity. 125.00   959.70431 ABP 1983 27/03/2014 C-1 Books
  Dewey Decimal Classification     Non-fiction Central Library, University of Rajshahi Central Library, University of Rajshahi   06/10/1987 Dhaka ankur prokashani 125.00   959.70431 ABP 1983 24/12/2016 C-4 Books
  Dewey Decimal Classification     Non-fiction Central Library, University of Rajshahi Central Library, University of Rajshahi   03/04/1984 Dhaka University Library Samity. 125.00   959.70431 ABP 1983 15/02/2017 C-5 Books